History Quiz

Random History or Nation Quiz

'Y' American History Quiz Stats

 Plays Quiz Updated Oct 5, 2017

Challenge
Share
Tweet
Embed
Score 0/20 Timer 07:00
5 Plays Today
Hint Answer % Correct
What baseball team has had legendary players such as Babe Ruth, Yogi Berra, and Joe DiMaggio play for it?Yankees
97.8%
What national park in Idaho, Montana, and Wyoming was established by Congress in 1872?Yellowstone
94.2%
What Connecticut university, founded in 1701, is the 3rd-oldest institution of higher education in the US?Yale
92.8%
Thousands of American prospectors migrated to what Canadian territory in the 1890s in search of gold?Yukon
86.7%
Bill Clinton's first international trip as president was to Vancouver, to meet with which Russian leader?Boris Yeltsin
83.9%
What extremely popular Duncan toy was inducted into the National Toy Hall of Fame in 1999?Yo-Yo
81.7%
What Mormon leader served as the first governor of the Utah territory?Brigham Young
79.4%
What national park in northern California was established on October 1, 1890?Yosemite
76.8%
In what Soviet city did Franklin Roosevelt meet Joseph Stalin and Winston Churchill in February 1945?Yalta
72.9%
What was the last major land battle in the American Revolution?Yorktown
65.3%
Hint Answer % Correct
What pilot became the first human to break the sound barrier in 1947?Chuck Yeager
64.6%
What term, describing a new wave of youthful, competitive achievers in the work force, became popular in the 1980s?Yuppie
60.4%
Labor leader and Civil Rights activist Cesar Chavez was born in what Arizona city in 1927?Yuma
55.8%
In what New York city was the Otis Elevator Company founded in 1853?Yonkers
55.7%
What figure skater won gold for the US in the 1992 Olympics?Kristi Yamaguchi
52.7%
Established in 1829, what is the oldest operating brewing company in the US?Yuengling
46.7%
What Japanese admiral planned the attack on Pearl Harbor?Isoroku Yamamoto
41.1%
What worldwide organization, founded in London in 1844, was an early influence on the Boy Scouts of America?YMCA
39.7%
Who was the chair of the Federal Reserve from 2014 to 2018?Janet Yellen
37.5%
What is the oldest university in the US to combine Jewish scholarship with studies in the liberal arts, sciences, and others subjects?Yeshiva University
34.2%

You're not logged in!

Compare scores with friends on all Sporcle quizzes.
Join for Free
OR
Log In

You Might Also Like...

Show Comments

Extras

Top Quizzes Today


Score Distribution

Your Account Isn't Verified!

In order to create a playlist on Sporcle, you need to verify the email address you used during registration. Go to your Sporcle Settings to finish the process.

Report this User

Report this user for behavior that violates our Community Guidelines.

Details: